Champions League Torschützen 2021/2022 - Statistiken

Allgemein
  • Dieses Quiz wurde 1.420 mal gespielt
  • Das Durchschnittsergebnis liegt bei 9 aus 11
Antwortstatistiken
Tore Verein Spieler % Korrekt
15 Real Madrid Karim Benzema
98%
13 FC Bayern München Robert Lewandowski
98%
8 FC Liverpool Mohamed Salah
97%
6 Paris Saint-Germain Kylian Mbappé
95%
6 Manchester United Cristiano Ronaldo
88%
6 FC Bayern München Leroy Sané
84%
7 RB Leipzig Christopher Nkunku
79%
11 Ajax Amsterdam Sébastien Haller
77%
7 Manchester City Riyad Mahrez
60%
6 Benfica Lissabon Darwin Núñez
55%
6 FC Villarreal Arnaut Groeneveld
28%
Keine übereinstimmenden Quizze gefunden
Verteilung der Resultate
Anzahl Personen mit jedem Resultat
Perzentil nach korrekt beantworteten Fragen
Ihre Resultats-Entwicklung
Sie haben dieses Quiz noch nicht gespielt